| 000 | 00403nam a2200157Ia 4500 | ||
|---|---|---|---|
| 005 | 20240807062351.0 | ||
| 008 | 240806s9999||||xx |||||||||||||| ||eng|| | ||
| 041 | _aeng | ||
| 082 |
_a891.4309 _bSRIH |
||
| 100 | _aSrivastava, Murlidhar | ||
| 245 | 0 |
_aHindi ke yuropiya vidwan / _cSrivastava, Murlidhar |
|
| 260 | _bBihar Hindi Granth Academy, Patna | ||
| 300 | _a446 | ||
| 650 | _aHindi | ||
| 942 | _cBK | ||
| 999 |
_c16798 _d16798 |
||